| 000 | 00625nam a2200241Ia 4500 | ||
|---|---|---|---|
| 003 | OSt | ||
| 005 | 20221005032445.0 | ||
| 006 | a|||||r|||| 00| 0 | ||
| 007 | ta | ||
| 008 | 221004b |||||||| |||| 00| 0 eng d | ||
| 020 | _a0471980838 | ||
| 024 | _a29768 | ||
| 037 | _cTextual | ||
| 040 |
_aCRL _cCRL _beng |
||
| 041 |
_2eng _aeng |
||
| 082 | _aL:423x, N9 | ||
| 245 | 0 | _aPersistent Viral Infections edited by Rafi Ahmed and irvin S.Y.Chen | |
| 260 |
_aChichester _bJohn Wiley _c1999 |
||
| 300 |
_a725 _ccm. |
||
| 650 | _aCHEMISTRY | ||
| 942 |
_hL:423x, N9 _cTEXL _2cc |
||
| 999 |
_c939781 _d939781 |
||